| 000 | 00839nam a22002537a 4500 | ||
|---|---|---|---|
| 003 | DO-SdBNP | ||
| 005 | 20230201085630.0 | ||
| 007 | ta | ||
| 008 | 090701s1986 dr 000 0 spa d | ||
| 040 |
_aDO-SdBNP _bspa _cBNPHU |
||
| 082 |
_axxxxx _bP892b _222 |
||
| 100 |
_918287 _aPoyo, Jeffrey |
||
| 245 | 0 | 4 |
_aLos bancos agropecuarios y la captación de depósitos / _cJeffrey Poyo |
| 260 |
_aSanto Domingo : _bCEMYB, _c1986. |
||
| 300 |
_a39, [6] p. ; _c21 cm. |
||
| 490 | 1 | _aEstudios ; | |
| 500 | _aIncluye datos biográficos del autor en la contraportada. | ||
| 500 | _aIncluye referencias bibliográficas y notas al pie de las páginas | ||
| 590 | _aInventariado, 2022/ YL | ||
| 650 | 4 |
_aBancos de desarrollo _xLegislación _zRepública Dominicana _96908 |
|
| 830 | 0 |
_aEstudios _96909 |
|
| 910 | _aYLockward | ||
| 942 |
_2ddc _cLF2 |
||
| 999 |
_c52219 _d52219 |
||